Benvenuti al parco! : Parc del Garraf i Parc d'Olèrdola Parc del Garraf i Parc d'Olèrdola
Publicado:
Barcelona :
Diputació de Barcelona. Àrea de Sostenibilitat. Gerència de Serveis d'Espais Naturals ,
2013
Descripción Física:
1 f. plegat en 4 parts : il. col., fot. ; 44 x 44 cm plegat a 21 x 11 cm
MARC
| LEADER | 00000nam a2200000Ia 4500 | ||
|---|---|---|---|
| 001 | 23907 | ||
| 008 | 160829s2013 xx 000 0 cat d | ||
| 080 | |a FU-62-78 | ||
| 245 | |a Benvenuti al parco! : |b Parc del Garraf i Parc d'Olèrdola | ||
| 260 | |a Barcelona : |b Diputació de Barcelona. Àrea de Sostenibilitat. Gerència de Serveis d'Espais Naturals, |c 2013 | ||
| 300 | |a 1 f. plegat en 4 parts : |b il. col., fot. ; |c 44 x 44 cm plegat a 21 x 11 cm | ||
| 590 | |a Text en italià. Hi ha un altre exemplar en castellà amb R. 23912, en francès amb R. 23908, en anglès amb R. 23977 i en català amb R. 23978 | ||
| 610 | 0 | |a Parc del Foix (Catalunya) |v Guies |9 7314 | |
| 610 | 1 | 0 | |a Parc del Garraf (Catalunya) |v Guies |9 52677 |
| 610 | 2 | 0 | |a Parc d'Olèrdola (Catalunya) |v Guies |9 52941 |
| 710 | 1 | |a Barcelona (Catalunya : Província). |b Xarxa de Parcs Naturals |9 7250 | |
| 710 | 1 | |a Barcelona (Catalunya : Província). |b Gerència de Serveis d’Espais Naturals |9 52730 | |
| 901 | |a Arxiu | ||
| 942 | |n 1 | ||
| 952 | |0 0 |1 0 |4 0 |6 FU6278 |7 1 |9 55338 |a Arxiu |b Arxiu |d 2016-12-01 |l 0 |o FU-62-78 |p 23907 |r 2016-12-01 00:00:00 |w 2016-12-01 |y ARXIU | ||
| 999 | |c 59211 |d 59211 | ||